000 00734nam a2200229 i 4500
001 187596
003 ES-MaACL
005 20231214151928.0
008 171204s2011 sp |||| |dspa d
020 _a978847960466
080 _a821.134.2-31"19"
100 1 _aClaudín, Fernando.
_939089
245 1 4 _aUna loca como un palo de escoba /
_cFernando Claudín di Fidio.
250 _a2ª ed.
260 _aMadrid :
_bEdiciones de la Torre,
_c2011.
300 _a94 p. ;
_c17 cm.
490 1 _aBiblioteca de Nuestro Mundo/Nova ;
_v5
830 0 _aBiblioteca de Nuestro Mundo/Nova ;
_v5
_9191446
852 _aES-MaACL
_jA-14118
_9194682
_bR.151242
_cDEPO1
_dOlim: N-7118
942 _2udc
_cMONOGRAFIA
999 _c187596
_d187596